1059 1349 1122 1019 1036 1750 1671 1161 1842 1487 1836 1879 1454 1425 1651 1560 1871 1359 1950 1428 1427 1082 1431 1884 1668 1599 1495 1744 1004 1535 1375 1365 1003 1238 1102 1940 1845 1629 1266 1548 1883 1439 1625 1326 1351 1285 1956 1973 1374 1913 1878 1007 1876 1997 1148 1076 1692 1408 1699 1947 1596 1777 1882 1511 1961 1733 1276 1559 1375 1293 1100 1554 1886 1108 1697 1634 1286 1844 1160 1423 1778 1960 1895 1204 1074 1794 1868 1967 1309 1336 1130 1297 1380 1584 1495 1662 1162 1325 1139 BCNSPRNW ULIB Ver.6.0+V

เปลี่ยนเป็นภาษาไทย

Change to English
 แสดงรายละเอียดบรรณานุกรม
  กลับหน้าหลัก

Brief Record : Get Marc (ISO 2709) : E-mail record : QR code < ปิดหน้าต่าง
LEADER : 00000nas 2200000uu 4500
001    13399125113
003     ULIB
008    020711s|||| th a 000 0 tha d
022    08589437
110    สถาบันวิจัยระบบสาธารณสุข
245    วารสารวิจัยระบบสาธารณสุข/^cสถาบันวิจัยระบบสาธารณสุข
260    นนทบุรี :^bสถาบันวิจัยระบบสาธารณสุข,^cม.ป.ป.
310    ^aรายสามเดือน
850 ^a ULIB^bปีที่ 6 ฉบับที่ 4 ฉ.1
945    ^p0^l0^i903939
รายการนี้ยังไม่มีแท็ก
คุณยังไม่ได้ล็อกอิน คุณสามารถมีกิจกรรมร่วมกับเว็บไซต์ได้ แต่ต้องล็อกอินก่อน ::
  ล็อกอิน

รายการสื่อสารสนเทศ (วารสาร)

ดูแบบ: กล่อง รายการ
ARRIVED
ปีที่ 6 ฉบับที่ 4 ฉ.1
สถานที่: ห้องสมุดวิทยาเขตสวรรค์ประชารักษ์ >วารสาร

BibComment


ยังไม่เคยถูกคอมเมนท์

คอมเมนท์ทรัพยากรรายการนี้
  คอมเมนท์: วารสารวิจัยระบบสา..


 Copyright 2026. Bcnsprnw @Library